| 000 | 00490nam a2200169Ia 4500 | ||
|---|---|---|---|
| 003 | IN-BaIIA | ||
| 008 | 211028s9999 xx 000 0 eng d | ||
| 040 | _cIIA Library | ||
| 080 |
_a621.317.755 _bCAR |
||
| 100 |
_aCarter, Harley _98155 |
||
| 245 | 3 |
_aAn introduction to the cathode ray oscilloscope _cHarley Carter |
|
| 260 |
_aNetherlands _bPhilips Technical Library _c1957 |
||
| 300 | _aviii, 95p. | ||
| 650 |
_aCathode ray oscilloscopes _92139 |
||
| 650 | _aNASA Thesaurus | ||
| 942 | _cBK | ||
| 999 |
_c4618 _d4618 |
||